<?xml version="1.0" encoding="UTF-8"?>
<record
    xmlns:xsi="http://www.w3.org/2001/XMLSchema-instance"
    xsi:schemaLocation="http://www.loc.gov/MARC21/slim http://www.loc.gov/standards/marcxml/schema/MARC21slim.xsd"
    xmlns="http://www.loc.gov/MARC21/slim">

  <leader>00410nam a22001697a 4500</leader>
  <controlfield tag="003">OSt</controlfield>
  <controlfield tag="008">201117b           ||||| |||| 00| 0 eng d</controlfield>
  <datafield tag="020" ind1=" " ind2=" ">
    <subfield code="a">978-9332557185</subfield>
  </datafield>
  <datafield tag="100" ind1=" " ind2=" ">
    <subfield code="a">KOTLER, Philip </subfield>
  </datafield>
  <datafield tag="245" ind1=" " ind2=" ">
    <subfield code="a">Marketing Management</subfield>
  </datafield>
  <datafield tag="250" ind1=" " ind2=" ">
    <subfield code="a">15 ed</subfield>
  </datafield>
  <datafield tag="260" ind1=" " ind2=" ">
    <subfield code="a">New Delhi</subfield>
    <subfield code="b">Pearson Education India;</subfield>
    <subfield code="c">2016</subfield>
  </datafield>
  <datafield tag="300" ind1=" " ind2=" ">
    <subfield code="a">756</subfield>
  </datafield>
  <datafield tag="650" ind1=" " ind2=" ">
    <subfield code="a">B.Com. Hons</subfield>
  </datafield>
  <datafield tag="700" ind1=" " ind2=" ">
    <subfield code="a"> KELLER, Kaven Lane</subfield>
  </datafield>
  <datafield tag="942" ind1=" " ind2=" ">
    <subfield code="2">ddc</subfield>
    <subfield code="c">BK</subfield>
  </datafield>
  <datafield tag="999" ind1=" " ind2=" ">
    <subfield code="c">9134</subfield>
    <subfield code="d">9134</subfield>
  </datafield>
  <datafield tag="952" ind1=" " ind2=" ">
    <subfield code="0">0</subfield>
    <subfield code="1">0</subfield>
    <subfield code="2">ddc</subfield>
    <subfield code="4">0</subfield>
    <subfield code="7">0</subfield>
    <subfield code="8">B.Com. Hons</subfield>
    <subfield code="a">PIETNCR</subfield>
    <subfield code="b">PIETNCR</subfield>
    <subfield code="d">2020-11-17</subfield>
    <subfield code="e">Kirti Prakashan</subfield>
    <subfield code="g">524.50</subfield>
    <subfield code="k">IN254</subfield>
    <subfield code="l">0</subfield>
    <subfield code="p">N152</subfield>
    <subfield code="r">2020-11-17 00:00:00</subfield>
    <subfield code="v">356.66</subfield>
    <subfield code="w">2020-08-05</subfield>
    <subfield code="y">BK</subfield>
  </datafield>
  <datafield tag="952" ind1=" " ind2=" ">
    <subfield code="0">0</subfield>
    <subfield code="1">0</subfield>
    <subfield code="2">ddc</subfield>
    <subfield code="4">0</subfield>
    <subfield code="7">0</subfield>
    <subfield code="8">B.Com. Hons</subfield>
    <subfield code="a">PIETNCR</subfield>
    <subfield code="b">PIETNCR</subfield>
    <subfield code="d">2020-11-17</subfield>
    <subfield code="e">Kirti Prakashan</subfield>
    <subfield code="g">524.50</subfield>
    <subfield code="k">IN254</subfield>
    <subfield code="l">0</subfield>
    <subfield code="p">N153</subfield>
    <subfield code="r">2020-11-17 00:00:00</subfield>
    <subfield code="v">356.66</subfield>
    <subfield code="w">2020-08-05</subfield>
    <subfield code="y">BK</subfield>
  </datafield>
  <datafield tag="952" ind1=" " ind2=" ">
    <subfield code="0">0</subfield>
    <subfield code="1">0</subfield>
    <subfield code="2">ddc</subfield>
    <subfield code="4">0</subfield>
    <subfield code="7">0</subfield>
    <subfield code="8">B.Com. Hons</subfield>
    <subfield code="a">PIETNCR</subfield>
    <subfield code="b">PIETNCR</subfield>
    <subfield code="d">2020-11-17</subfield>
    <subfield code="e">Kirti Prakashan</subfield>
    <subfield code="g">524.50</subfield>
    <subfield code="k">IN254</subfield>
    <subfield code="l">1</subfield>
    <subfield code="p">N154</subfield>
    <subfield code="r">2023-07-26 00:00:00</subfield>
    <subfield code="s">2022-11-29</subfield>
    <subfield code="v">356.66</subfield>
    <subfield code="w">2020-08-05</subfield>
    <subfield code="y">BK</subfield>
  </datafield>
  <datafield tag="952" ind1=" " ind2=" ">
    <subfield code="0">0</subfield>
    <subfield code="1">0</subfield>
    <subfield code="2">ddc</subfield>
    <subfield code="4">0</subfield>
    <subfield code="7">0</subfield>
    <subfield code="8">B.Com. Hons</subfield>
    <subfield code="a">PIETNCR</subfield>
    <subfield code="b">PIETNCR</subfield>
    <subfield code="d">2020-11-17</subfield>
    <subfield code="e">Kirti Prakashan</subfield>
    <subfield code="g">524.50</subfield>
    <subfield code="k">IN254</subfield>
    <subfield code="l">2</subfield>
    <subfield code="p">N155</subfield>
    <subfield code="r">2026-01-07 00:00:00</subfield>
    <subfield code="s">2023-01-13</subfield>
    <subfield code="v">356.66</subfield>
    <subfield code="w">2020-08-05</subfield>
    <subfield code="y">BK</subfield>
  </datafield>
  <datafield tag="952" ind1=" " ind2=" ">
    <subfield code="0">0</subfield>
    <subfield code="1">0</subfield>
    <subfield code="2">ddc</subfield>
    <subfield code="4">0</subfield>
    <subfield code="7">0</subfield>
    <subfield code="8">B.Com. Hons</subfield>
    <subfield code="a">PIETNCR</subfield>
    <subfield code="b">PIETNCR</subfield>
    <subfield code="d">2020-11-17</subfield>
    <subfield code="e">Kirti Prakashan</subfield>
    <subfield code="g">524.50</subfield>
    <subfield code="k">IN254</subfield>
    <subfield code="l">0</subfield>
    <subfield code="p">N156</subfield>
    <subfield code="r">2020-11-17 00:00:00</subfield>
    <subfield code="v">356.66</subfield>
    <subfield code="w">2020-08-05</subfield>
    <subfield code="y">BK</subfield>
  </datafield>
  <datafield tag="952" ind1=" " ind2=" ">
    <subfield code="0">0</subfield>
    <subfield code="1">0</subfield>
    <subfield code="2">ddc</subfield>
    <subfield code="4">0</subfield>
    <subfield code="7">0</subfield>
    <subfield code="8">B.Com. Hons</subfield>
    <subfield code="a">PIETNCR</subfield>
    <subfield code="b">PIETNCR</subfield>
    <subfield code="d">2020-11-17</subfield>
    <subfield code="e">Kirti Prakashan</subfield>
    <subfield code="g">524.50</subfield>
    <subfield code="k">IN254</subfield>
    <subfield code="l">0</subfield>
    <subfield code="p">N157</subfield>
    <subfield code="r">2020-11-17 00:00:00</subfield>
    <subfield code="v">356.66</subfield>
    <subfield code="w">2020-08-05</subfield>
    <subfield code="y">BK</subfield>
  </datafield>
</record>
